[Event "op"]
[Site "Feldbach, Styria/AUT"]
[Date "1997.01.04"]
[Round "8"]
[White "Barczay, L."]
[Black "Freitag, M."]
[Result "1-0"]
[WhiteElo "2380"]
[BlackElo "2285"]
[PlyCount "81"]
[EventDate "1997.01.04"]

1. e4 c5 2. Nf3 d6 3. Bb5+ Nd7 4. O-O Ngf6 5. Re1 a6 6. Bf1 b6 7. d4 cxd4 8.
Nxd4 Bb7 9. Nc3 g6 10. Nd5 Bg7 11. c4 O-O 12. Bg5 Re8 13. Qd2 e6 14. Nc3 Qc7
15. Rad1 Rad8 16. Nc2 Bf8 17. Qf4 Be7 18. Qh4 Kg7 19. Re3 Ng8 20. Bxe7 Rxe7 21.
Red3 Ne5 22. Rh3 h5 23. Ne3 Ree8 24. f4 Nd7 25. g4 Ndf6 26. f5 Qc5 27. gxh5
Nxh5 28. Be2 Ngf6 29. Qg5 Rh8 30. Bxh5 Nxh5 31. Qe7 Nf6 32. Rg3 Rd7 33. Rxg6+
Kh7 34. Qxf6 Qxe3+ 35. Kf1 Qh3+ 36. Ke1 Rg8 37. Rd3 Qxh2 38. Rxg8 Kxg8 39. Qg5+
Kf8 40. f6 Qh8 {} 41. Rh3 1-0

[Event "op"]
[Site "Feldbach, Styria/AUT"]
[Date "1997.01.04"]
[Round "8"]
[White "Wegerer, F."]
[Black "Martic, K."]
[Result "1-0"]
[WhiteElo "2270"]
[BlackElo "2010"]
[PlyCount "83"]
[EventDate "1997.01.04"]

1. Nc3 c5 2. Nf3 Nc6 3. d4 cxd4 4. Nxd4 g6 5. Bf4 d6 6. Qd2 Nf6 7. Nb3 Bg7 8.
Bh6 O-O 9. h4 Ne5 10. e4 Bd7 11. h5 Bxh6 12. Qxh6 Neg4 13. Qd2 Qb6 14. hxg6
fxg6 15. Bd3 Rac8 16. f3 Qe3+ 17. Qe2 Qxe2+ 18. Kxe2 Ne5 19. Rac1 Kg7 20. Rhf1
Nh5 21. Ke3 Nf6 22. Nd2 Be6 23. a3 a6 24. Ndb1 Nc4+ 25. Bxc4 Bxc4 26. Rfd1 g5
27. Nd2 Bf7 28. Ne2 Rfd8 29. c4 a5 30. Nd4 e6 31. Nb5 Be8 32. Nd4 Kf7 {} 33.
b3 Bd7 34. g4 b6 35. a4 Kg7 36. Nf1 Rh8 37. Ng3 Rc5 38. Rc2 Rcc8 39. Rh2 Rcf8
40. Nde2 Re8 41. Rxd6 Rb8 42. e5 1-0

[Event "op"]
[Site "Feldbach, Styria/AUT"]
[Date "1997.01.04"]
[Round "8"]
[White "Halser, W."]
[Black "Demuth, M."]
[Result "0-1"]
[WhiteElo "2175"]
[BlackElo "2240"]
[PlyCount "92"]
[EventDate "1997.01.04"]

1. e4 e5 2. Nf3 Nc6 3. Bc4 Nf6 4. d4 exd4 5. e5 d5 6. Bb5 Ne4 7. Nxd4 Bd7 8.
Bxc6 bxc6 9. O-O Bc5 10. Be3 Bb6 11. f3 Nc5 12. Nd2 Qe7 13. f4 Ne6 14. N2b3
Nxd4 15. Bxd4 c5 16. Bf2 c6 17. Kh1 O-O 18. Qh5 c4 19. Nd4 f6 20. c3 fxe5 21.
fxe5 c5 22. Nf3 Rf5 23. Qh4 Qf8 24. e6 Bxe6 25. Ng5 {} 25... h6 26. Nxe6 Qf7
27. Rae1 Re8 28. Qg3 Rxe6 29. Rxe6 Qxe6 30. h3 Qf7 31. Kg1 d4 32. Re1 d3 33.
Be3 Bc7 34. Qg4 Bf4 35. Bxf4 Rxf4 36. Qc8+ Kh7 37. Qd8 Qf6 38. Qd5 Qg5 39. Qd7
Qg3 40. Re7 a5 41. Qd5 Qg5 42. Re5 Qf6 43. Re1 Qf5 44. Qd8 Rf2 45. Qh4 Rxb2 46.
a4 d2 0-1

[Event "op"]
[Site "Feldbach, Styria/AUT"]
[Date "1997.01.04"]
[Round "8"]
[White "Guid, M."]
[Black "Bonstingl, G."]
[Result "1/2-1/2"]
[WhiteElo "2155"]
[BlackElo "2225"]
[PlyCount "35"]
[EventDate "1997.01.04"]

1. d4 Nf6 2. Nf3 g6 3. g3 Bg7 4. Bg2 O-O 5. O-O d6 6. b3 c6 7. Bb2 a5 8. c4 Bf5
9. d5 b5 10. Nd4 Be4 11. Bxe4 Nxe4 12. cxb5 {} 12... cxd5 13. Nc6 Nxc6 14.
Bxg7 Kxg7 15. Qxd5 Nxg3 16. hxg3 Ne5 17. Nc3 h5 18. Qd4 1/2-1/2

[Event "op"]
[Site "Feldbach, Styria/AUT"]
[Date "1997.01.04"]
[Round "8"]
[White "Frosch, R."]
[Black "Kragelj, I."]
[Result "0-1"]
[WhiteElo "1870"]
[BlackElo "2225"]
[PlyCount "88"]
[EventDate "1997.01.04"]

1. d4 Nf6 2. Nf3 e6 3. Bg5 c5 4. c3 cxd4 5. Nxd4 Be7 6. e3 O-O 7. Be2 d5 8. O-O
e5 9. Nf3 Nc6 10. Nbd2 Bf5 11. Re1 Qc7 12. Nf1 Rad8 13. Ng3 Be6 14. Bb5 a6 15.
Bxf6 Bxf6 16. Bxc6 bxc6 17. Qe2 Rfe8 18. b3 g6 19. Rac1 h5 20. h4 Bg4 21. Qc2
Bxf3 22. gxf3 Bxh4 23. Kg2 Bg5 24. Rh1 h4 25. Ne2 c5 26. Rcd1 a5 27. c4 d4 28.
e4 a4 29. bxa4 Ra8 30. Rd3 Qc6 31. Ra3 Reb8 32. Rb1 Rb4 33. a5 Bd8 34. Rab3
Bxa5 35. a3 Rxb3 36. Qxb3 Bd8 37. Qb5 Qxb5 38. Rxb5 Be7 39. Rb3 Ra4 40. Rb7 Kf8
41. f4 d3 42. Nc3 Rxc4 43. Nd5 d2 44. Rb8+ Kg7 0-1

[Event "op"]
[Site "Feldbach, Styria/AUT"]
[Date "1997.01.04"]
[Round "8"]
[White "Sepetavc, W."]
[Black "Deutsch, L."]
[Result "1/2-1/2"]
[WhiteElo "2025"]
[BlackElo "2210"]
[PlyCount "78"]
[EventDate "1997.01.04"]

1. e4 c5 2. Nf3 Nc6 3. d4 cxd4 4. Nxd4 d6 5. Nc3 a6 6. Be3 Nf6 7. f3 e5 8. Nb3
Be6 9. a4 d5 10. exd5 Nxd5 11. Nxd5 Qxd5 12. Qxd5 Bxd5 13. c4 Be6 14. Be2 Bb4+
15. Kf2 O-O-O 16. Bb6 Rd6 17. a5 Bf5 18. Rac1 h5 19. Rhd1 Rhh6 20. Rxd6 Rxd6
21. Rd1 {} 21... Rxd1 22. Bxd1 Bd3 23. Be2 Bc2 24. Na1 Ba4 25. b3 Bc3 26. bxa4
Bxa1 27. h4 Kd7 28. g4 Bc3 29. gxh5 Bxa5 30. Be3 Bd8 31. Kg3 f5 32. Bg5 a5 33.
h6 gxh6 34. Bxh6 Ke6 35. Bd2 b6 36. h5 Kf6 37. f4 Bc7 38. fxe5+ Bxe5+ 39. Kh4
Nd4 1/2-1/2

[Event "op"]
[Site "Feldbach, Styria/AUT"]
[Date "1997.01.04"]
[Round "8"]
[White "Milanollo, M."]
[Black "Payrits, H."]
[Result "1-0"]
[WhiteElo "1975"]
[BlackElo "1710"]
[PlyCount "107"]
[EventDate "1997.01.04"]

1. e4 c5 2. Nc3 e6 3. Nge2 a6 4. d4 cxd4 5. Nxd4 Qc7 6. Be2 Nf6 7. O-O h5 8.
Be3 Bb4 9. Bf3 Bxc3 10. bxc3 Nc6 11. Nxc6 bxc6 12. Rb1 d5 13. Bb6 Qf4 14. Re1
O-O 15. g3 Qg5 16. Be3 Qg6 17. e5 Ng4 18. Bc5 Re8 19. h3 Nh6 20. Bxh5 Qh7 21.
Kg2 Nf5 22. Be2 a5 23. Rb6 Ne7 24. Qd3 Qxd3 25. Bxd3 a4 26. Reb1 g6 27. Bxe7
Rxe7 28. Rb8 Rea7 29. a3 Kg7 30. Kf3 c5 31. Ke3 Rxb8 32. Rxb8 Bd7 33. h4 c4 34.
Be2 f6 35. Kd4 Rc7 36. exf6+ Kxf6 37. f4 Bc8 38. g4 Rc6 39. Bf1 Rc7 40. Be2 Bd7
41. g5+ Ke7 42. h5 Be8 43. h6 Kf8 44. Ke5 Rf7 45. Bg4 d4 46. cxd4 c3 47. Bxe6
Rh7 48. d5 Ra7 49. d6 Ra8 {} 50. Rxe8+ Rxe8 51. d7 Rb8 52. h7 Kg7 53. Kd6 Kxh7
54. Kc7 1-0

[Event "op"]
[Site "Feldbach, Styria/AUT"]
[Date "1997.01.04"]
[Round "8"]
[White "Golja, O."]
[Black "Schrank, M."]
[Result "1-0"]
[WhiteElo "1755"]
[BlackElo "1780"]
[PlyCount "99"]
[EventDate "1997.01.04"]

1. d4 Nf6 2. c4 g6 3. Nc3 Bg7 4. e4 d6 5. Nf3 O-O 6. Bg5 Nc6 7. Be2 e5 8. dxe5
dxe5 9. Qxd8 Nxd8 10. Bxf6 Bxf6 11. Nd5 Bg7 12. Nxc7 Rb8 13. O-O Ne6 14. Nd5
Nc5 15. Nd2 Be6 16. b4 Na6 17. Rab1 Rbd8 18. a4 Rd7 19. Rfd1 Nb8 20. Nb3 b6 21.
c5 f5 22. f3 Rdf7 23. cxb6 fxe4 24. fxe4 Bxd5 25. Rxd5 axb6 26. Rd6 Bh6 27. Bc4
Kg7 28. Bxf7 Rxf7 29. g3 Na6 30. Rb2 Nxb4 31. a5 bxa5 32. Nxa5 Ra7 33. Rxb4
Be3+ 34. Kg2 Rxa5 35. Rd7+ Kf6 36. Rxh7 Ra2+ 37. Kf3 Bd4 38. Kg4 Rc2 39. Rxd4
exd4 40. Kf3 {} 40... d3 41. Rd7 Rxh2 42. Rxd3 Ke6 43. Kf4 Rf2+ 44. Rf3 Re2
45. Kg5 Rxe4 46. Kxg6 Rg4+ 47. Kh5 Rg7 48. g4 Rf7 49. Rxf7 Kxf7 50. Kh6 1-0

[Event "op"]
[Site "Feldbach, Styria/AUT"]
[Date "1997.01.04"]
[Round "8"]
[White "Bachmayer, J."]
[Black "Pfaffel, T."]
[Result "1-0"]
[WhiteElo "2080"]
[BlackElo "2070"]
[PlyCount "97"]
[EventDate "1997.01.04"]

1. c4 Nf6 2. Nc3 e5 3. Nf3 Nc6 4. g3 Bc5 5. d3 h6 6. Bg2 O-O 7. O-O a5 8. Bd2
d6 9. a3 Be6 10. Na4 Ba7 11. b4 e4 12. dxe4 Bxc4 13. Rc1 Ba6 14. Nh4 axb4 15.
axb4 Nd4 16. Re1 Qd7 17. e3 Be2 18. Rxe2 Nxe2+ 19. Qxe2 Qxa4 20. Bc3 Qa3 21.
Rc2 Nd7 22. Qg4 Ne5 23. Bxe5 dxe5 24. Nf5 g6 25. Nxh6+ Kh7 26. Qh4 Kg7 27. Nf5+
gxf5 28. Qg5+ Kh8 29. exf5 Bxe3 30. fxe3 Qd3 31. Rf2 Ra1+ 32. Bf1 f6 33. Qh6+
Kg8 34. Qg6+ Kh8 35. Qh6+ Kg8 36. Kg2 Qe4+ {} 37. Kh3 Rf7 38. Qg6+ Kf8 39. Bg2
Qd3 40. Bxb7 Ra7 41. Bc6 Ke7 42. e4 Qd8 43. Kg2 Ra6 44. Bd5 Rf8 45. Qg7+ Ke8
46. Rc2 Qd7 47. Rxc7 Qxg7 48. Rxg7 Rb6 49. b5 1-0

[Event "op"]
[Site "Feldbach, Styria/AUT"]
[Date "1997.01.04"]
[Round "8"]
[White "Sackl, E."]
[Black "Schriebl, A."]
[Result "1-0"]
[WhiteElo "1900"]
[BlackElo "1720"]
[PlyCount "89"]
[EventDate "1997.01.04"]

1. e4 d6 2. d4 Nf6 3. Bd3 g6 4. Nf3 Bg7 5. c3 c6 6. O-O O-O 7. Re1 Nbd7 8. Bg5
e5 9. dxe5 Nxe5 10. Nxe5 dxe5 11. Qf3 Qb6 12. Bxf6 Bxf6 13. Qxf6 Qxb2 14. h4 h5
15. Be2 Kh7 16. Qxe5 Qxa1 17. Bxh5 Rg8 18. Be2 Qxa2 19. c4 Be6 20. h5 Rae8 21.
hxg6+ Rxg6 22. Nc3 Qd2 23. Rd1 Qg5 24. Qxg5 Rxg5 25. f4 Rg3 26. Bf3 Rxf3 27.
gxf3 Bxc4 28. Kf2 b5 29. e5 b4 30. Ne4 Re7 31. Rd4 Bd5 32. Rxb4 Bxe4 33. fxe4
Kg7 34. Rc4 Rc7 35. Ke3 c5 36. f5 Rc6 37. Kf4 Kh6 38. f6 Kg6 39. Rc1 c4 40.
Rg1+ Kh7 41. Rg7+ Kh8 42. Rxf7 c3 43. Kf5 c2 44. Kg6 c1=Q 45. Rf8# 1-0

[Event "op"]
[Site "Feldbach, Styria/AUT"]
[Date "1997.01.05"]
[Round "9"]
[White "Gross, S."]
[Black "Pavasovic, D."]
[Result "0-1"]
[WhiteElo "2330"]
[BlackElo "2495"]
[PlyCount "116"]
[EventDate "1997.01.05"]

1. e4 e5 2. Nf3 Nf6 3. Nc3 Bb4 4. Nxe5 O-O 5. Be2 Re8 6. Nd3 Bxc3 7. dxc3 Nxe4
8. Nf4 c6 9. O-O d5 10. c4 d4 11. Bg4 Na6 12. Bxc8 Rxc8 13. Re1 Qh4 14. Re2
Nac5 15. Nd3 Nxd3 16. cxd3 Nc5 17. b3 Qh5 18. Rxe8+ Rxe8 19. Ba3 Qf5 20. Bxc5
Qxc5 21. g3 Qf5 22. Kg2 h5 23. h4 Qe5 24. Kf1 Qf5 25. Kg2 Re6 26. b4 Qe5 27.
Kf1 g6 28. Qd2 Qf5 29. Re1 Qf3 30. Rxe6 fxe6 31. Ke1 e5 32. Qe2 {} 32... Qh1+
33. Kd2 Qb1 34. Qxe5 Qxa2+ 35. Kd1 Qxf2 36. Qe8+ Kg7 37. Qd7+ Kh6 38. Qd8 Qf3+
39. Kc1 Qe3+ 40. Kc2 Qe2+ 41. Kc1 Qe1+ 42. Kb2 Qxb4+ 43. Ka2 Qd2+ 44. Ka1 Qe1+
45. Ka2 Qe2+ 46. Ka1 Qe5 47. Qf8+ Kh7 48. Qf7+ Qg7 49. Qe8 Qc7 50. Qf8 c5 51.
Kb2 a6 52. Qe8 Kg7 53. Kb3 Qb6+ 54. Kc2 Qc6 55. Qe7+ Kg8 56. Kc1 b5 57. cxb5
axb5 58. Kb2 c4 0-1

[Event "op"]
[Site "Feldbach, Styria/AUT"]
[Date "1997.01.05"]
[Round "9"]
[White "Palac, M."]
[Black "Keitlinghaus, L."]
[Result "0-1"]
[WhiteElo "2540"]
[BlackElo "2515"]
[PlyCount "56"]
[EventDate "1997.01.05"]

1. e4 e5 2. Nf3 Nc6 3. d4 exd4 4. Nxd4 d6 5. Nc3 Nf6 6. Bg5 Be7 7. Qd2 Nxe4 {}
8. Nxe4 Bxg5 9. Nxg5 Nxd4 10. Nxf7 Nxc2+ 11. Qxc2 Qe7+ 12. Be2 Qxf7 13. O-O-O
Qf4+ 14. Kb1 Bf5 15. Bd3 Bxd3 16. Rhe1+ Kd7 17. Rxd3 Rae8 18. Rxe8 Rxe8 19. a3
Re1+ 20. Ka2 Rc1 21. Qb3 Qc4 22. Qxc4 Rxc4 23. Rg3 g6 24. Rh3 h5 25. Rg3 Rg4
26. Rb3 Rxg2 27. Rxb7 Rxh2 28. f4 Rf2 0-1

[Event "op"]
[Site "Feldbach, Styria/AUT"]
[Date "1997.01.05"]
[Round "9"]
[White "Sax, G."]
[Black "Barczay, L."]
[Result "0-1"]
[WhiteElo "2525"]
[BlackElo "2420"]
[PlyCount "50"]
[EventDate "1997.01.05"]

1. e4 c5 2. Nf3 d6 3. d4 cxd4 4. Nxd4 Nf6 5. Nc3 a6 6. Be3 e6 7. g4 h5 8. gxh5
Rxh5 9. Bg2 Qc7 10. Qe2 Nbd7 11. O-O-O Nb6 12. f4 Nc4 13. Bf2 Bd7 14. f5 e5 15.
Nb3 Rc8 16. Nd5 Nxd5 17. Rxd5 Rh6 18. Kb1 g6 19. fxg6 Rxg6 20. Bf3 Bh6 21. Rd3
a5 22. Nc1 a4 23. a3 Be6 24. Rg1 Rxg1 25. Bxg1 {
} 25... Qa5 0-1

[Event "op"]
[Site "Feldbach, Styria/AUT"]
[Date "1997.01.05"]
[Round "9"]
[White "Jazbinsek, S."]
[Black "Gross, D."]
[Result "1/2-1/2"]
[WhiteElo "2175"]
[BlackElo "2360"]
[PlyCount "51"]
[EventDate "1997.01.05"]

1. Nf3 Nf6 2. b3 g6 3. Bb2 Bg7 4. e3 O-O 5. Be2 c5 6. O-O d5 7. Ne5 Nfd7 8. f4
Nxe5 9. Bxe5 Bxe5 10. fxe5 d4 11. Bf3 dxe3 12. dxe3 Qc7 13. Nd2 Qxe5 14. Nc4
Qc7 15. Qd5 Nd7 16. Rad1 Rb8 17. Qg5 Nb6 18. Nb2 f6 19. Qh6 Be6 20. Nd3 Rbd8
21. Nf4 Bf7 22. Nh5 {} 22... gxh5 23. Be4 Bg6 24. Bxg6 hxg6 25. Qxg6+ Kh8 26.
Qh6+ 1/2-1/2

[Event "op"]
[Site "Feldbach, Styria/AUT"]
[Date "1997.01.05"]
[Round "9"]
[White "Womacka, M."]
[Black "Szekely, P."]
[Result "1/2-1/2"]
[WhiteElo "2465"]
[BlackElo "2455"]
[PlyCount "54"]
[EventDate "1997.01.05"]

1. e4 c5 2. Nf3 d6 3. d4 cxd4 4. Nxd4 Nf6 5. Nc3 a6 6. Be2 e5 7. Nb3 Be7 8. O-O
O-O 9. Be3 Be6 10. Qd2 Nbd7 11. a4 b6 12. Rfd1 Qc7 13. f3 h6 14. Nc1 Qb7 15.
N1a2 Rfc8 16. Nb4 Bf8 17. Bf1 Kh7 18. Be2 g6 19. Bf1 Rc7 {} 20. g4 Nc5 21.
Nbd5 Bxd5 22. Nxd5 Nxd5 23. Qxd5 Qb8 24. b4 Ne6 25. Bxb6 Rc8 26. Be3 Be7 27.
Rdc1 Bg5 1/2-1/2

[Event "op"]
[Site "Feldbach, Styria/AUT"]
[Date "1997.01.05"]
[Round "9"]
[White "Kuba, G."]
[Black "Tratar, M."]
[Result "1/2-1/2"]
[WhiteElo "2200"]
[BlackElo "2420"]
[PlyCount "23"]
[EventDate "1997.01.05"]

1. e4 c5 2. Nf3 d6 3. Bb5+ Nd7 4. d4 Ngf6 5. Nc3 a6 6. Bxd7+ Nxd7 7. Be3 cxd4
8. Bxd4 e6 9. O-O Qc7 10. a4 b6 11. Qe2 Ne5 12. Nd2 1/2-1/2

[Event "op"]
[Site "Feldbach, Styria/AUT"]
[Date "1997.01.05"]
[Round "9"]
[White "Demuth, M."]
[Black "Wegerer, F."]
[Result "1/2-1/2"]
[WhiteElo "2240"]
[BlackElo "2270"]
[PlyCount "23"]
[EventDate "1997.01.05"]

1. e4 c5 2. Nf3 Nc6 3. Nc3 e5 4. Bc4 Be7 5. O-O Nf6 6. Re1 O-O 7. Nd5 d6 8. c3
Be6 9. d4 exd4 10. Nxe7+ Qxe7 11. Bxe6 fxe6 12. cxd4 1/2-1/2

[Event "op"]
[Site "Feldbach, Styria/AUT"]
[Date "1997.01.05"]
[Round "9"]
[White "Kragelj, I."]
[Black "Schneider_Zinner, H."]
[Result "1-0"]
[WhiteElo "2225"]
[BlackElo "2155"]
[PlyCount "73"]
[EventDate "1997.01.05"]

1. d4 e6 2. c4 b6 3. e4 Bb7 4. Bd3 f5 5. exf5 Bb4+ 6. Kf1 Nf6 7. c5 bxc5 8. a3
c4 9. Bxc4 Ba5 10. fxe6 dxe6 11. Qb3 O-O 12. Ne2 Ne4 13. Nf4 Nxf2 14. Kxf2
Qxd4+ 15. Kg3 Bb6 16. Rf1 g5 17. Bxe6+ Kg7 18. Nh5+ Kh6 {} 19. Nf4 Na6 20. h4
gxf4+ 21. Bxf4+ Rxf4 22. Rxf4 Qe5 23. Qc3 Qxc3+ 24. Nxc3 Nc5 25. Bc4 Rd8 26.
Rd1 Rxd1 27. Nxd1 Ne4+ 28. Kh2 Bd4 29. Rf8 Kg7 30. Rd8 Bf6 31. Rd7+ Kg6 32. Bd3
Bc6 33. Bxe4+ Bxe4 34. g3 Kf5 35. Rxc7 Kg4 36. Nf2+ Kf3 37. Nxe4 1-0

[Event "op"]
[Site "Feldbach, Styria/AUT"]
[Date "1997.01.05"]
[Round "9"]
[White "Krumpacnik, D."]
[Black "Guid, M."]
[Result "1-0"]
[WhiteElo "2385"]
[BlackElo "2155"]
[PlyCount "43"]
[EventDate "1997.01.05"]

1. d4 Nf6 2. Nf3 g6 3. Bg5 Bg7 4. Nbd2 O-O 5. e4 d5 6. exd5 Nxd5 7. c3 h6 8.
Bh4 f5 9. h3 f4 10. Bc4 {} 10... g5 11. Bxg5 hxg5 12. Nxg5 c6 13. Qh5 Bf5 14.
Ndf3 Qd6 15. O-O-O Nd7 16. Rhe1 N7f6 17. Qh4 e6 18. Bd3 Ne7 19. Rxe6 Qd8 20.
Rxe7 Bxd3 21. Rxg7+ Kxg7 22. Ne6+ 1-0

[Event "op"]
[Site "Feldbach, Styria/AUT"]
[Date "1997.01.05"]
[Round "9"]
[White "Kos, T."]
[Black "Sepetavc, W."]
[Result "1-0"]
[WhiteElo "2295"]
[BlackElo "2025"]
[PlyCount "91"]
[EventDate "1997.01.05"]

1. e4 c5 2. c3 Nf6 3. e5 Nd5 4. d4 cxd4 5. Nf3 e6 6. cxd4 Bb4+ 7. Bd2 Bxd2+ 8.
Qxd2 O-O 9. Bc4 Nb6 10. Bd3 d6 11. O-O Nc6 12. Re1 Nd5 13. Nc3 Ndb4 14. Rad1
Nxd3 15. Qxd3 dxe5 16. dxe5 Qxd3 17. Rxd3 b6 18. Rd6 Ne7 19. Nd4 Nf5 20. Nxf5
exf5 21. Nb5 Be6 22. Nc7 Rac8 23. Nxe6 fxe6 24. Rxe6 Rc2 25. Rd1 Kf7 26. Red6
Re8 27. f4 Rxb2 28. R1d2 Rxd2 29. Rxd2 Re7 30. Kf2 h6 31. Ke3 Rc7 32. h3 Ke6
33. Rd6+ Ke7 34. g4 fxg4 35. hxg4 Rc2 {} 36. Ke4 Rxa2 37. Rg6 Kf7 38. Rc6 g6
39. Rc7+ Kf8 40. f5 Ra4+ 41. Kd5 gxf5 42. gxf5 Rf4 43. f6 h5 44. Ke6 Kg8 45.
Rc8+ Kh7 46. f7 1-0

[Event "op"]
[Site "Feldbach, Styria/AUT"]
[Date "1997.01.05"]
[Round "9"]
[White "Freitag, M."]
[Black "Milanollo, M."]
[Result "1-0"]
[WhiteElo "2285"]
[BlackElo "1975"]
[PlyCount "67"]
[EventDate "1997.01.05"]

1. d4 d5 2. c4 c6 3. Nf3 Nf6 4. Nc3 e6 5. Bg5 dxc4 6. e4 b5 7. e5 h6 8. Bh4 g5
9. Nxg5 hxg5 10. Bxg5 Nbd7 11. g3 Bb7 12. Bg2 Qb6 13. exf6 c5 14. d5 O-O-O 15.
O-O Bh6 16. Bxh6 Rxh6 17. Qd2 Rxf6 18. b3 b4 19. Na4 Qb5 20. Rfd1 Nb6 21. Nxb6+
axb6 22. Qe2 Bxd5 23. Bf1 Qc6 24. bxc4 Bf3 {} 25. Rxd8+ Kxd8 26. Qb2 Rf5 27.
a3 bxa3 28. Rxa3 Qb7 29. Rd3+ Kc7 30. Qh8 Qa8 31. Qb2 Qe4 32. Qd2 Qc6 33. h4
Rh5 34. Qf4+ 1-0

[Event "op"]
[Site "Feldbach, Styria/AUT"]
[Date "1997.01.05"]
[Round "9"]
[White "Bonstingl, G."]
[Black "Golja, O."]
[Result "1-0"]
[WhiteElo "2225"]
[BlackElo "1755"]
[PlyCount "45"]
[EventDate "1997.01.05"]

1. d4 Nf6 2. c4 g6 3. Nc3 Bg7 4. g3 O-O 5. Bg2 c6 6. Nf3 d6 7. O-O Nbd7 8. e4
e5 9. h3 Ne8 10. Re1 h6 11. Rb1 f5 {} 12. exf5 e4 13. Nxe4 gxf5 14. Nc3 Nef6
15. Nh4 Nb6 16. b3 Re8 17. Rxe8+ Qxe8 18. Bf4 d5 19. c5 Nbd7 20. Nxf5 Qf8 21.
Qe2 Kh8 22. Re1 b6 23. Ne7 1-0

[Event "op"]
[Site "Feldbach, Styria/AUT"]
[Date "1997.01.05"]
[Round "9"]
[White "Deutsch, L."]
[Black "Bachmayr, J."]
[Result "0-1"]
[WhiteElo "2210"]
[BlackElo "2080"]
[PlyCount "66"]
[EventDate "1997.01.05"]

1. Nf3 c5 2. b4 cxb4 3. a3 bxa3 4. Bxa3 Nf6 5. g3 g6 6. Bg2 Bg7 7. O-O O-O 8.
d4 d5 9. Nbd2 b5 10. Ne5 Bb7 11. c4 bxc4 12. Ndxc4 Ne4 13. Qb1 Bc6 14. e3 Bxe5
15. dxe5 Nc3 16. Qd3 dxc4 17. Qxc3 Bxg2 18. Kxg2 Qd5+ 19. Kg1 Nc6 20. Rfd1 Qxe5
21. Qxc4 Rfc8 22. Qa6 {
} 22... Qe6 23. Bb2 Rab8 24. Rd2 Rb6 25. Qe2 Rcb8 26.
Ra6 f6 27. Rxb6 Rxb6 28. Kg2 Kf7 29. h4 h5 30. Ba3 Ne5 31. f3 Nc4 32. Rd3 Rb1
33. Bc5 Rb2 0-1

[Event "op"]
[Site "Feldbach, Styria/AUT"]
[Date "1997.01.05"]
[Round "9"]
[White "Maric, K."]
[Black "Halser, W."]
[Result "1/2-1/2"]
[WhiteElo "2010"]
[BlackElo "2175"]
[PlyCount "108"]
[EventDate "1997.01.05"]

1. e4 e5 2. Nf3 Nc6 3. Bb5 Bc5 4. c3 Nf6 5. O-O O-O 6. d4 Bb6 7. Re1 d6 8. h3
Qe7 9. dxe5 Nxe5 10. Nxe5 dxe5 11. Qe2 Be6 12. Na3 Rfd8 13. Nc4 c6 14. Nxb6
axb6 15. Bc4 b5 16. Bxe6 Qxe6 17. a3 h6 18. Be3 Rd6 19. Bc5 Rd7 20. Bb6 Ra4 21.
f3 Nh5 22. Be3 Ra8 23. Rad1 Rad8 24. Rxd7 Rxd7 25. Rd1 Nf6 26. Kf2 Ne8 27. Rxd7
Qxd7 28. Bc5 Nc7 29. Ke1 Ne6 30. Be3 Kf8 31. Qd2 Ke7 32. Kd1 Qxd2+ 33. Kxd2 c5
34. c4 bxc4 35. Kc3 b5 36. a4 bxa4 37. Kxc4 Kd6 38. Kb5 Nd4+ 39. Kxa4 Kc6 40.
Bf2 Ne2 41. Be3 Nd4 42. Bf2 h5 43. Bg3 f6 44. Bf2 Ne6 45. Be3 Nd4 46. Bf2 g6
47. Bh4 f5 48. Bf6 Kd6 49. Bg5 f4 50. Bh6 Nc2 51. Kb5 Nd4+ 52. Kb6 Ne6 53. h4
Kd7 54. Kb5 Kd6 1/2-1/2

[Event "op"]
[Site "Feldbach, Styria/AUT"]
[Date "1997.01.05"]
[Round "9"]
[White "Szith, G."]
[Black "Sackl, E."]
[Result "1-0"]
[WhiteElo "1855"]
[BlackElo "1900"]
[PlyCount "107"]
[EventDate "1997.01.05"]

1. Nf3 b6 2. g3 Bb7 3. Bg2 c5 4. c4 Nc6 5. O-O e5 6. Nxe5 Bd6 7. Nf3 Nge7 8.
Nc3 Ng6 9. d4 h5 10. Ne4 Be7 11. dxc5 bxc5 12. Nd6+ Bxd6 13. Qxd6 Qe7 14. Qxe7+
Ncxe7 15. Nh4 Bxg2 16. Nxg2 h4 17. Nf4 hxg3 18. hxg3 Ne5 19. b3 g5 20. Bb2 f6
21. Bxe5 fxe5 22. Nd5 Nxd5 23. cxd5 O-O-O 24. e4 Kc7 25. Kg2 g4 26. Rh1 Rhg8
27. Rh7 Rg6 28. Rc1 Kb6 29. Rch1 d6 30. Rf7 a5 31. Rhh7 Rb8 32. Rhg7 Rxg7 33.
Rxg7 a4 34. Rd7 axb3 35. axb3 Ka5 36. Rxd6 Rxb3 37. Rc6 Kb5 38. Re6 c4 39. Rxe5
c3 40. Re8 Rb4 41. Rb8+ {} 41... Kc4 42. Rxb4+ Kxb4 43. d6 c2 44. d7 c1=Q 45.
d8=Q Qc4 46. Qd6+ Kc3 47. Qa3+ Kc2 48. Qe3 Kd1 49. e5 Qc6+ 50. Kg1 Qe6 51. Qc5
Qf5 52. Qd4+ Kc2 53. Qc4+ Kd2 54. Qf4+ 1-0

[Event "op"]
[Site "Feldbach, Styria/AUT"]
[Date "1997.01.05"]
[Round "9"]
[White "Schrank, M."]
[Black "Frosch, R."]
[Result "0-1"]
[WhiteElo "1780"]
[BlackElo "1870"]
[PlyCount "37"]
[EventDate "1997.01.05"]

1. Nf3 Nf6 2. g3 g6 3. Bg2 Bg7 4. O-O O-O 5. c4 c6 6. d4 d5 7. c5 Nbd7 8. b4
Nh5 9. Bb2 Qc7 10. a4 e5 11. e3 e4 12. Nfd2 f5 13. Nc3 Ndf6 14. b5 g5 15. f4
gxf4 16. gxf4 Kh8 17. Kh1 Rg8 18. Rg1 Qf7 19. Ne2 0-1